000 00425nam a22001817a 4500
003 MPLRDC
005 20220104142413.0
008 210129b ||||| |||| 00| 0 eng d
020 _a962-357-561-0
082 _a857.8 XSXL-2 v.4
100 _a西茜凰
245 _a浪子倾情
_c
260 _a
_b明窗出版社
_c1993
300 _b
490 _a小说系列
650 _a小说
942 _cBK
_o857.8 XSXL-2 v.4
999 _c30624
_d30614